000 00915cam a2200253 a 4500
001 13817172
005 20250626103807.0
008 041216s2005 ilu b 001 0 eng
020 _a158134726X (pbk.)
050 0 0 _aBS680.C47
_bF66 2005
082 0 0 _a230/.04624
_222
245 0 0 _aFool's gold? :
_bdiscerning truth in an age of error /
_cJohn MacArthur, general editor ; Nathan Busenitz, Scott Lang, Phil Johnson, associate editors.
260 _aWheaton, Ill. :
_bCrossway Books,
_cc2005.
300 _a224 p. ;
_c22 cm.
650 0 _aChristian life
_xBiblical teaching.
650 0 _aDiscernment (Christian theology)
650 0 _aEvangelicalism.
700 1 _aMacArthur, John,
_d1939-
700 1 _aBusenitz, Nathan.
700 1 _aLang, Scott,
_d1966-
700 1 _aJohnson, Phillip R.,
_d1953-
856 4 1 _3Table of contents
_uhttp://www.loc.gov/catdir/toc/ecip055/2004030155.html
942 _2lcc
_cBK
_n0
999 _c6707
_d6707